[Event "I Open"]
[Site "Bolzano - Bozen ITA"]
[Date "2006.05.27"]
[Round "5"]
[White "Rinaldo, Gaetano"]
[Black "Demetz, Ernst"]
[Result "1-0"]
[WhiteElo "1727"]
[BlackElo "1404"]
[PlyCount "105"]
[EventDate "2006.05.20"]

1. d4 d5 2. Nf3 e6 3. Bg5 Be7 4. Bxe7 Qxe7 5. c3 c6 6. e3 Nf6 7. Bd3 Ne4 8. O-O
b5 9. Nbd2 f5 10. Ne5 g6 11. Nb3 Nd7 12. Nxc6 Qd6 13. Ne5 a6 14. Nxd7 Bxd7 15.
f4 O-O 16. Bxe4 dxe4 17. Nc5 Bc8 18. a4 Qc6 19. axb5 Qxb5 20. b4 Qc4 21. Qb3
Qxb3 22. Nxb3 Bd7 23. Nc5 Bc8 24. Ra5 Re8 25. b5 Re7 26. Rb1 Rb8 27. b6 Bb7 28.
Nxb7 Rbxb7 29. c4 Re8 30. Rxa6 Reb8 31. c5 Rf7 32. Rba1 Kg7 33. Ra7 Kf6 34.
Rxf7+ Kxf7 35. Ra7+ Kf6 36. b7 Ke7 37. c6 Kd8 38. Ra8 Kc7 39. Kf1 Rxb7 40. cxb7
Kxb7 41. Re8 Kc6 42. Rxe6+ Kd5 43. Re7 Kc4 44. Ke2 Kd5 45. Kd2 Kd6 46. Re5 h5
47. Kc3 h4 48. Kc4 Kd7 49. Kc5 Kc7 50. Rd5 Kb7 51. Rd7+ Ka6 52. Rh7 Ka5 53.
Ra7# 1-0

[Event "I Open"]
[Site "Bolzano - Bozen ITA"]
[Date "2006.05.27"]
[Round "5"]
[White "Spornberger, Maximilian"]
[Black "Gerstl, Karl"]
[Result "1/2-1/2"]
[WhiteElo "1590"]
[BlackElo "1841"]
[PlyCount "79"]
[EventDate "2006.05.20"]

1. d4 c5 2. Nf3 cxd4 3. Nxd4 d5 4. e3 a6 5. Be2 b5 6. O-O e5 7. Nf3 Nc6 8. c3
Nf6 9. Nbd2 Be7 10. Qc2 Bg4 11. e4 Bxf3 12. Bxf3 d4 13. cxd4 Nxd4 14. Qd3 Ra7
15. Nb3 Rd7 16. Nxd4 Rxd4 17. Qe2 O-O 18. Be3 Rd7 19. Rfd1 Rxd1+ 20. Rxd1 Qa5
21. a3 h6 22. g3 Qa4 23. Bd2 Re8 24. Bc3 Bf8 25. Qe3 Qc4 26. Qa7 Bxa3 27. Qxa6
Bf8 28. Re1 Bb4 29. Be2 Qc5 30. Qxb5 Qxb5 31. Bxb5 Bxc3 32. bxc3 Rc8 33. c4 Kf8
34. f3 Nh7 35. Rc1 Ng5 36. Kg2 Rd8 37. Rc2 Ne6 38. c5 Nd4 39. Rd2 Rc8 40. Ba4
1/2-1/2

[Event "I Open"]
[Site "Bolzano - Bozen ITA"]
[Date "2006.05.28"]
[Round "6"]
[White "Bevilacqua, Maurizio"]
[Black "Rigo, Gianfrancesco"]
[Result "1/2-1/2"]
[WhiteElo "2152"]
[BlackElo "2026"]
[PlyCount "90"]
[EventDate "2006.05.20"]

1. d4 e6 2. c4 Nf6 3. Nf3 Bb4+ 4. Nbd2 d5 5. Qa4+ Nc6 6. a3 Be7 7. e3 O-O 8.
Bd3 a6 9. Qc2 Re8 10. b3 g6 11. Bb2 Bf8 12. O-O Bg7 13. Rac1 Qd6 14. b4 Nd7 15.
b5 axb5 16. cxb5 Nd8 17. Qxc7 Qxc7 18. Rxc7 e5 19. Nxe5 Nxe5 20. dxe5 Bxe5 21.
Bxe5 Rxe5 22. Rfc1 Bg4 23. R7c3 Kg7 24. h3 Bd7 25. Nf3 Re7 26. Rd1 Ra5 27. Bf1
Be6 28. Nd4 b6 29. g4 Rea7 30. Rdd3 Ra4 31. Bg2 Rc4 32. Nxe6+ Nxe6 33. Bxd5
Rxc3 34. Rxc3 Nc5 35. Kg2 Rd7 36. e4 g5 37. Kf3 Kf6 38. h4 h6 39. hxg5+ hxg5
40. Ke3 Ke5 41. Rxc5 bxc5 42. b6 Rd6 43. b7 Rb6 44. a4 c4 45. a5 Rb3+ 1/2-1/2

[Event "I Open"]
[Site "Bolzano - Bozen ITA"]
[Date "2006.05.28"]
[Round "6"]
[White "Gerstl, Karl"]
[Black "D'Ambrosio, Luca"]
[Result "0-1"]
[WhiteElo "1841"]
[BlackElo "1808"]
[PlyCount "126"]
[EventDate "2006.05.20"]

1. e4 Nf6 2. e5 Nd5 3. d4 d6 4. Nf3 Bg4 5. Be2 c6 6. exd6 exd6 7. Bd2 Be7 8.
Nc3 Nxc3 9. bxc3 Nd7 10. O-O O-O 11. h3 Bh5 12. c4 Nf6 13. Rb1 b6 14. g4 Bg6
15. Ne1 Ne4 16. Bf3 Nxd2 17. Qxd2 Rc8 18. Bg2 f5 19. f4 fxg4 20. hxg4 h6 21.
Rb3 Qd7 22. f5 Bg5 23. Qd1 Bf7 24. d5 cxd5 25. cxd5 Qa4 26. Qf3 Rc5 27. Qd1
Qxa2 28. Qd4 Rxc2 29. Nxc2 Qxb3 30. Qd1 Rc8 31. Na1 Be3+ 32. Kh1 Qxd1 33. Rxd1
Rc1 34. Rxc1 Bxc1 35. Be4 Kf8 36. Kg2 Ke7 37. Nc2 a5 38. Kf2 Kf6 39. Ke2 Ke5
40. Bd3 Bxd5 41. Bb5 Kf4 42. Kd1 Bb2 43. Kd2 Bf3 44. Ne1 Kxg4 45. Bd7 Kg3 46.
Ke3 Bc1+ 47. Kd4 Bb2+ 48. Ke3 Bc1+ 49. Kd4 h5 50. Nxf3 Kxf3 51. Kd5 Ba3 52. Ke6
h4 53. Kf7 Bb2 54. Ke6 Be5 55. Kd5 h3 56. Kc6 a4 57. f6 gxf6 58. Bxh3 a3 59.
Be6 f5 60. Kxb6 f4 61. Kb5 Ke3 62. Kb4 Bb2 63. Kb3 f3 0-1

[Event "I Open"]
[Site "Bolzano - Bozen ITA"]
[Date "2006.05.28"]
[Round "6"]
[White "Hellweger, Stefan"]
[Black "Wieser, Josef"]
[Result "1-0"]
[WhiteElo "1688"]
[BlackElo "1434"]
[PlyCount "107"]
[EventDate "2006.05.20"]

1. e4 e5 2. Nf3 Nc6 3. Bb5 d6 4. Bxc6+ bxc6 5. d4 Bg4 6. dxe5 dxe5 7. Qxd8+
Rxd8 8. Nbd2 Bxf3 9. Nxf3 Bd6 10. Be3 Nf6 11. Nd2 a5 12. f3 O-O 13. a4 Rb8 14.
b3 Bb4 15. Ke2 Nd7 16. Nc4 f5 17. Rhd1 Bc3 18. Rab1 Nb6 19. Rd3 Nxc4 20. Rxc3
Nxe3 21. Kxe3 fxe4 22. Kxe4 Rf6 23. Rd1 Re8 24. Rc5 Rh6 25. h3 Rg6 26. Rd2 Rf6
27. Rxa5 Rf4+ 28. Ke3 Rb4 29. Rc5 e4 30. f4 Rb6 31. Rd7 Rc8 32. g4 h6 33. a5
Ra6 34. b4 Rb8 35. c3 Rc8 36. h4 Kh7 37. Kxe4 Re8+ 38. Kf3 Re1 39. Rxc7 Ra8 40.
Re5 Rh1 41. Rxc6 Rd8 42. h5 Rd3+ 43. Ke4 Rdd1 44. a6 Rhe1+ 45. Kf5 Rf1 46. a7
Rd8 47. Ra5 Re1 48. a8=Q Rd7 49. Re5 Rf7+ 50. Ke6 Rf6+ 51. Kd5 Rd1+ 52. Kc5 Rf7
53. Qe8 Rb7 54. Qg6+ 1-0

[Event "I Open"]
[Site "Bolzano - Bozen ITA"]
[Date "2006.05.28"]
[Round "6"]
[White "Pichler, Klaus"]
[Black "Spornberger, Maximilian"]
[Result "1-0"]
[WhiteElo "1542"]
[BlackElo "1590"]
[PlyCount "33"]
[EventDate "2006.05.20"]

1. f4 Nf6 2. b3 g6 3. Bb2 Bg7 4. e3 O-O 5. Be2 d6 6. Nf3 Nc6 7. O-O Re8 8. Qe1
e5 9. fxe5 dxe5 10. Bc4 Nb4 11. Na3 e4 12. Ng5 Rf8 13. Qh4 h6 14. Nxf7 Rxf7 15.
Bxf6 g5 16. Bxf7+ Kh8 17. Qxh6# 1-0

[Event "I Open"]
[Site "Bolzano - Bozen ITA"]
[Date "2006.05.28"]
[Round "6"]
[White "Scharrer, Isabel"]
[Black "Rinaldo, Gaetano"]
[Result "0-1"]
[WhiteElo "1589"]
[BlackElo "1727"]
[PlyCount "94"]
[EventDate "2006.05.20"]

1. d4 Nf6 2. Nf3 c5 3. e3 b6 4. Bd3 Bb7 5. Nbd2 cxd4 6. exd4 g6 7. O-O Bg7 8.
Re1 O-O 9. Ne4 Ne8 10. Bg5 h6 11. Bf4 d6 12. Qd2 Kh7 13. Re2 Nd7 14. Ng3 Bxf3
15. gxf3 e5 16. dxe5 Nxe5 17. Bxe5 dxe5 18. Nh5 Bh8 19. Kh1 Qh4 20. Ng3 Rd8 21.
Nf5 Qf4 22. Qxf4 exf4 23. Nh4 Bxb2 24. Rb1 Bf6 25. Ng2 Rd4 26. Re4 Rxe4 27.
fxe4 Be5 28. Rb5 f6 29. c4 Nd6 30. Rd5 Rc8 31. h3 Kg7 32. f3 g5 33. a4 Kf7 34.
a5 Rc5 35. Rxc5 bxc5 36. a6 Bc3 37. h4 Ke6 38. Kg1 Ke5 39. Kf2 Ne8 40. h5 Nc7
41. Ke2 Nxa6 42. Bc2 Kd4 43. Bb3 Nb8 44. Ba2 Nd7 45. Bb3 Ne5 46. Ba2 a5 47. Bb3
Nxc4 0-1

[Event "I Open"]
[Site "Bolzano - Bozen ITA"]
[Date "2006.05.28"]
[Round "7"]
[White "Bevilacqua, Maurizio"]
[Black "Pichler, Klaus"]
[Result "1-0"]
[WhiteElo "2152"]
[BlackElo "1542"]
[PlyCount "37"]
[EventDate "2006.05.20"]

1. d4 Nf6 2. c4 e5 3. dxe5 Ng4 4. Nf3 Bc5 5. e3 Nc6 6. Nc3 Ncxe5 7. Nxe5 Nxe5
8. Be2 O-O 9. O-O Re8 10. b3 a5 11. Qd5 Bf8 12. Bb2 Ra6 13. Ne4 Ng6 14. c5 Ne7
15. Qh5 Rh6 16. Qxh6 Ng6 17. Nf6+ gxf6 18. Qh5 Re4 19. g3 1-0

[Event "I Open"]
[Site "Bolzano - Bozen ITA"]
[Date "2006.05.28"]
[Round "7"]
[White "Bonagura, Stefano"]
[Black "Scola, Matteo"]
[Result "1-0"]
[WhiteElo "1980"]
[BlackElo "1884"]
[PlyCount "55"]
[EventDate "2006.05.20"]

1. d4 Nf6 2. c4 g6 3. Nc3 d5 4. cxd5 Nxd5 5. e4 Nxc3 6. bxc3 Bg7 7. Nf3 c5 8.
Rb1 O-O 9. Be2 Nc6 10. Be3 Qc7 11. O-O Bg4 12. d5 Bxf3 13. Bxf3 Ne5 14. Be2 c4
15. Bd4 Rfc8 16. f4 Nd7 17. Rb4 Bxd4+ 18. Qxd4 Qc5 19. Rxb7 Nf6 20. Qxc5 Rxc5
21. Rxe7 Kf8 22. d6 Rd8 23. e5 Nd5 24. Rxa7 Nxc3 25. Bf3 Nb5 26. Ra5 c3 27. a4
c2 28. Rc1 1-0

[Event "I Open"]
[Site "Bolzano - Bozen ITA"]
[Date "2006.05.28"]
[Round "7"]
[White "D'Ambrosio, Luca"]
[Black "Bernardi, Ruben"]
[Result "1-0"]
[WhiteElo "1808"]
[BlackElo "2119"]
[PlyCount "95"]
[EventDate "2006.05.20"]

1. e4 c5 2. Nf3 Nc6 3. d4 cxd4 4. Nxd4 e5 5. Nf5 d5 6. exd5 Bxf5 7. dxc6 Qxd1+
8. Kxd1 Rd8+ 9. Bd2 bxc6 10. Kc1 g6 11. Ba6 Ne7 12. Re1 Bg7 13. a4 O-O 14. Ra3
Rd7 15. Rb3 Rd4 16. Rb4 Nd5 17. Rxd4 exd4 18. Bd3 Bxd3 19. cxd3 h5 20. Na3 Rb8
21. a5 Kh7 22. Nc4 Bf6 23. g3 Kg7 24. Ne5 Rb5 25. Nc4 Be7 26. Re4 Bf6 27. Re8
Rb7 28. Nd6 Rd7 29. Nc4 Nc7 30. Re4 Ne6 31. Kc2 Nc5 32. Re2 Ne6 33. Re4 Rb7 34.
Nd6 Rb8 35. h4 Rd8 36. Nc4 Nc5 37. Re2 Rb8 38. Bf4 Rb5 39. Nd6 Na4 40. Nxb5
cxb5 41. Be5 Nc5 42. Bxf6+ Kxf6 43. Re8 b4 44. Rb8 b3+ 45. Rxb3 Ke6 46. Rb8 Kd7
47. Ra8 a6 48. b4 1-0

[Event "I Open"]
[Site "Bolzano - Bozen ITA"]
[Date "2006.05.28"]
[Round "7"]
[White "Kaserer, Hans-Peter"]
[Black "Gerstl, Karl"]
[Result "1/2-1/2"]
[WhiteElo "1980"]
[BlackElo "1841"]
[PlyCount "172"]
[EventDate "2006.05.20"]

1. d4 c5 2. d5 d6 3. c4 e5 4. Nc3 a6 5. e4 Be7 6. Nf3 f5 7. exf5 Bxf5 8. Bd3
Bxd3 9. Qxd3 Qd7 10. Bd2 Qg4 11. O-O-O Nd7 12. Rhg1 Nb6 13. b3 Nc8 14. Rde1 Na7
15. Qe2 Nf6 16. h3 Qd7 17. Ng5 O-O 18. g4 b5 19. Ne6 Rf7 20. g5 Ne8 21. g6 hxg6
22. Rxg6 bxc4 23. Qxc4 Nb5 24. Reg1 Nd4 25. Bh6 Bf6 26. Ne4 Nf5 27. Nxf6+ Rxf6
28. Rxf6 Nxf6 29. Bg5 Nh7 30. Qg4 Nxg5 31. Qxg5 Qf7 32. f4 e4 33. h4 Ra7 34. h5
Kh7 35. Qg2 Qf6 36. Kb1 e3 37. Qe4 Kh8 38. Rg6 Qf7 39. Qd3 Nh4 40. Rg5 c4 41.
Qe4 cxb3 42. axb3 Rb7 43. Qxe3 Rb4 44. Nd4 Rxd4 45. Qxd4 Nf3 46. Qe3 Nxg5 47.
fxg5 Qxh5 48. Kb2 Qh2+ 49. Ka3 Qh5 50. Kb4 Qf7 51. Qe4 a5+ 52. Kxa5 Qa7+ 53.
Kb5 Qc5+ 54. Ka6 Qc8+ 55. Ka5 Qc5+ 56. Ka4 Qa7+ 57. Kb4 Qc5+ 58. Ka4 Qa7+ 59.
Kb5 Qc5+ 60. Ka6 Qc8+ 61. Kb6 Qd8+ 62. Kc6 Qxg5 63. Kxd6 Qg3+ 64. Ke7 Qc7+ 65.
Ke6 Qb6+ 66. d6 Qxb3+ 67. Ke7 Qa3 68. Qe6 Qc5 69. Ke8 Qh5+ 70. Kf8 Qf3+ 71. Ke7
Qa3 72. Ke8 Qa8+ 73. Ke7 Qa3 74. Qe4 Qc5 75. Qh4+ Kg8 76. Qf4 Kh8 77. Kf7 Qd5+
78. Ke8 Qa8+ 79. Ke7 Qa3 80. Qf8+ Kh7 81. Kf7 Qf3+ 82. Ke8 Qa8+ 83. Ke7 Qe4+
84. Kd7 Qb7+ 85. Kd8 Qa8+ 86. Ke7 Qe4+ 1/2-1/2

[Event "I Open"]
[Site "Bolzano - Bozen ITA"]
[Date "2006.05.28"]
[Round "7"]
[White "Rigo, Gianfrancesco"]
[Black "Paltrinieri, Nicholas"]
[Result "1-0"]
[WhiteElo "2026"]
[BlackElo "1799"]
[PlyCount "95"]
[EventDate "2006.05.20"]

1. e4 d5 2. exd5 Qxd5 3. Nc3 Qd6 4. d4 Nf6 5. Nf3 Bg4 6. h3 Bh5 7. g4 Bg6 8.
Ne5 Nbd7 9. Nb5 Qb6 10. Nc4 Qe6+ 11. Ne3 Qb6 12. g5 c6 13. Nc4 Qd8 14. Qe2 Ne4
15. Nc3 b5 16. Nxe4 Bxe4 17. Qxe4 bxc4 18. Bxc4 Rc8 19. Bd2 e6 20. O-O-O Nb6
21. Bb3 a5 22. a3 a4 23. Ba2 Nd5 24. c4 Qb6 25. c5 Qb5 26. Qc2 g6 27. Bc4 Qb7
28. Qxa4 Rb8 29. Qc2 Bg7 30. Bxd5 cxd5 31. Bf4 Ra8 32. Bd6 Kd7 33. Rd3 Rhc8 34.
Kd2 Ra6 35. Rb3 Qa7 36. Qd3 Rcc6 37. Rb4 Ra4 38. Qb3 Rxb4 39. Qxb4 Qa6 40. Re1
f6 41. h4 Rc8 42. Re3 h6 43. Rb3 Ke8 44. Qb7 Qxb7 45. Rxb7 Bf8 46. gxf6 g5 47.
f7+ Kd8 48. Bxf8 1-0

[Event "I Open"]
[Site "Bolzano - Bozen ITA"]
[Date "2006.05.28"]
[Round "7"]
[White "Spornberger, Maximilian"]
[Black "Hellweger, Stefan"]
[Result "1/2-1/2"]
[WhiteElo "1590"]
[BlackElo "1688"]
[PlyCount "142"]
[EventDate "2006.05.20"]

1. d4 g6 2. Nf3 d5 3. e3 Bg7 4. Bd3 Nf6 5. O-O O-O 6. Nbd2 b6 7. e4 dxe4 8.
Nxe4 Bb7 9. Nxf6+ Bxf6 10. c3 e6 11. Bh6 Bg7 12. Bxg7 Kxg7 13. Re1 Nd7 14. Qe2
Qf6 15. Be4 Bxe4 16. Qxe4 Qf5 17. Qc6 Qd5 18. Qxc7 Rfc8 19. Qf4 Rd8 20. Ne5
Nxe5 21. Rxe5 Qc4 22. Re3 Rd5 23. Rh3 h5 24. Qf3 Rad8 25. Qd3 Qc7 26. Qe3 Rf5
27. g4 Rf4 28. gxh5 Rg4+ 29. Rg3 gxh5 30. Rxg4+ hxg4 31. Qg5+ Kh7 32. Qh5+ Kg7
33. Qxg4+ Kh7 34. Qh5+ Kg8 35. Re1 Rd5 36. Re5 Rxe5 37. Qxe5 Qb7 38. f4 Qf3 39.
Qg5+ Kf8 40. Qg3 Qd1+ 41. Kg2 Qc2+ 42. Qf2 Qe4+ 43. Kg3 Qg6+ 44. Kf3 Qh5+ 45.
Ke3 Qd1 46. c4 Qc1+ 47. Kd3 Qb1+ 48. Kc3 Qxa2 49. Qd2 Qa5+ 50. Kc2 Qf5+ 51. Kc1
Qe4 52. Qb4+ Kg8 53. Qd2 Qh1+ 54. Kc2 Qe4+ 55. Kc3 Qf3+ 56. Qd3 Qh1 57. Qd2
Qf3+ 58. Kb4 a5+ 59. Kb5 Qb3+ 60. Ka6 Qxc4+ 61. Kxb6 a4 62. Ka5 a3 63. bxa3
Qc7+ 64. Kb4 Qb6+ 65. Kc4 Qa6+ 66. Kb3 Qb5+ 67. Qb4 Qd3+ 68. Qc3 Qb5+ 69. Kc2
Qe2+ 70. Qd2 Qc4+ 71. Kb2 Qb5+ 1/2-1/2

[Event "I Open"]
[Site "Bolzano - Bozen ITA"]
[Date "2006.05.28"]
[Round "7"]
[White "Wieser, Josef"]
[Black "Wendel, Liu"]
[Result "1-0"]
[WhiteElo "1434"]
[BlackElo "1461"]
[PlyCount "63"]
[EventDate "2006.05.20"]

1. e4 e5 2. Nf3 Nc6 3. Bc4 Bc5 4. d3 d6 5. O-O Bg4 6. Be3 b6 7. Bxc5 bxc5 8.
Nbd2 Nf6 9. h3 Bh5 10. b3 O-O 11. c3 Ne7 12. Qc1 c6 13. d4 cxd4 14. cxd4 Qc7
15. dxe5 dxe5 16. Bb5 Rad8 17. Qc5 Rfe8 18. a3 Bxf3 19. Nxf3 Nxe4 20. Qc2 Nd6
21. Ba4 e4 22. Ne5 Rc8 23. Rac1 Red8 24. Nxc6 Ng6 25. b4 a6 26. Nxd8 Qxd8 27.
Qd2 Qe7 28. Rfd1 Nc4 29. Qe2 Qe6 30. Bb3 Nf4 31. Qxc4 Rxc4 32. Rd8+ 1-0

[Event "Open Olimpico B Maggio"]
[Site "Torino ITA"]
[Date "2006.05.22"]
[Round "1"]
[White "D'Amato, Piergiorgio"]
[Black "Muniz Pardino, Alberto"]
[Result "1/2-1/2"]
[WhiteElo "1880"]
[BlackElo "2099"]
[PlyCount "80"]
[EventDate "2006.05.22"]

1. e4 c5 2. Nf3 d6 3. d4 Nf6 4. Nc3 cxd4 5. Nxd4 g6 6. Be2 Bg7 7. Be3 Nc6 8.
O-O O-O 9. a3 Bd7 10. Nb3 Rc8 11. f4 Na5 12. Nxa5 Qxa5 13. Bf3 h5 14. e5 dxe5
15. Bxb7 Bg4 16. Bf3 Bxf3 17. Qxf3 exf4 18. Qxf4 Rxc3 19. bxc3 Nd5 20. Qf2 Qxc3
21. Rae1 Qxa3 22. Bd4 Nf6 23. Bc5 Qc3 24. Bxe7 Ng4 25. Qe2 Qd4+ 26. Kh1 Re8 27.
Rxf7 Kh8 28. Rd1 Qa4 29. Rd8 Rxd8 30. Bxd8 Qd4 31. Bg5 Qa1+ 32. Rf1 Qa5 33. Qe7
Qb5 34. Re1 Qf5 35. h3 Nf2+ 36. Kg1 Nxh3+ 37. gxh3 Qxh3 38. Qe4 Qg3+ 39. Kh1
Qh3+ 40. Kg1 Qg3+ 1/2-1/2

[Event "Open Olimpico B Maggio"]
[Site "Torino ITA"]
[Date "2006.05.24"]
[Round "3"]
[White "Blackman, Justin"]
[Black "Cottone, Salvatore"]
[Result "1/2-1/2"]
[WhiteElo "1972"]
[BlackElo "1790"]
[PlyCount "36"]
[EventDate "2006.05.22"]

1. e4 d6 2. d4 Nf6 3. Nc3 c6 4. f4 Qa5 5. Bd3 e5 6. Nf3 Bg4 7. dxe5 dxe5 8.
fxe5 Nfd7 9. Bf4 Ba3 10. Bc1 Nxe5 11. Be2 Bxf3 12. Bxf3 Bc5 13. Qe2 b5 14. Be3
b4 15. Nd1 b3+ 16. Nc3 bxc2 17. Bxc5 Qxc5 18. Qxc2 Nxf3+ 1/2-1/2

[Event "Open Olimpico B Maggio"]
[Site "Torino ITA"]
[Date "2006.05.25"]
[Round "4"]
[White "Picarella, Marco"]
[Black "Tossi Duhamel, Claudio"]
[Result "1-0"]
[WhiteElo "1763"]
[BlackElo "1971"]
[PlyCount "79"]
[EventDate "2006.05.22"]

1. d4 d5 2. c4 e6 3. Nf3 Nf6 4. e3 a6 5. Nbd2 Nbd7 6. Bd3 c5 7. O-O dxc4 8.
Bxc4 b5 9. Bb3 Bb7 10. Re1 Rc8 11. Nf1 Bd6 12. Ng3 Ne4 13. Nxe4 Bxe4 14. d5 e5
15. Bc2 Nf6 16. Ng5 Bxc2 17. Qxc2 h6 18. Ne4 O-O 19. Nxf6+ Qxf6 20. e4 c4 21.
Re3 Rc7 22. Qe2 Qe7 23. Rg3 Kh7 24. Qg4 Qf6 25. Bd2 b4 26. a3 a5 27. axb4 Bxb4
28. Bxb4 axb4 29. Ra6 Qg5 30. Qd1 Qf4 31. Rg4 Qxg4 32. Qxg4 c3 33. bxc3 bxc3
34. Ra1 c2 35. Rc1 Rb8 36. Qe2 Rb1 37. Qd2 Rb2 38. f3 Rc4 39. Kf2 Rd4 40. Qe2
1-0

[Event "Open Olimpico B Maggio"]
[Site "Torino ITA"]
[Date "2006.05.26"]
[Round "5"]
[White "Giambavicchio, Francesco"]
[Black "Mori, Lorenzo"]
[Result "0-1"]
[WhiteElo "1512"]
[BlackElo "1581"]
[PlyCount "146"]
[EventDate "2006.05.22"]

1. e4 c5 2. Bc4 d6 3. Nf3 Nc6 4. c3 Nf6 5. d3 e6 6. Bg5 Be7 7. O-O O-O 8. h3 a6
9. Bb3 b5 10. Bc2 e5 11. Nh2 Ne8 12. Be3 Nc7 13. f4 f5 14. Bb3+ Kh8 15. Bd5
Nxd5 16. exd5 Nb8 17. b3 Bf6 18. fxe5 Bxe5 19. d4 cxd4 20. Bxd4 Bb7 21. c4 bxc4
22. bxc4 Nd7 23. Nf3 Rc8 24. Bxe5 dxe5 25. Qe2 Qf6 26. Nbd2 e4 27. Nh2 Qd4+ 28.
Kh1 e3 29. Nb3 Qxc4 30. Qxe3 Qxd5 31. Qf3 Qxf3 32. Nxf3 Bxf3 33. Rxf3 Ne5 34.
Re3 Nf7 35. Re6 Ra8 36. Na5 Ng5 37. Re7 Rf7 38. Rae1 Kg8 39. Re8+ Rxe8 40.
Rxe8+ Rf8 41. Re7 f4 42. h4 f3 43. gxf3 Nxf3 44. Re4 Rf5 45. Ra4 Rh5 46. Nc6
Rxh4+ 47. Rxh4 Nxh4 48. a4 Nf5 49. a5 Nd6 50. Nb4 Nc4 51. Nxa6 Nxa5 52. Nc5 Nc4
53. Ne4 Kf7 54. Kg2 Kg6 55. Kg3 Ne5 56. Kh4 Nf3+ 57. Kg4 Ne5+ 58. Kf4 Nf7 59.
Kg4 h5+ 60. Kf4 Kh6 61. Kg3 g5 62. Kh3 Kg6 63. Kg3 Ne5 64. Nd6 h4+ 65. Kh3 Kh5
66. Ne4 g4+ 67. Kh2 Kg6 68. Kg2 Kf5 69. Nd6+ Kf4 70. Nb5 h3+ 71. Kh2 Nf3+ 72.
Kh1 g3 73. Nc3 g2# 0-1

[Event "Open Olimpico B Maggio"]
[Site "Torino ITA"]
[Date "2006.05.26"]
[Round "5"]
[White "Squarci, Franco"]
[Black "Picarella, Marco"]
[Result "1-0"]
[WhiteElo "1872"]
[BlackElo "1763"]
[PlyCount "97"]
[EventDate "2006.05.22"]

1. d4 Nf6 2. Nf3 g6 3. Bg5 Bg7 4. Nbd2 d6 5. e3 b6 6. Bd3 Bb7 7. h4 Nc6 8. c3
Qd7 9. a4 Nh5 10. Qc2 f5 11. Bb5 a6 12. Be2 O-O-O 13. b4 h6 14. b5 hxg5 15.
bxa6 Ba8 16. Bb5 d5 17. Nxg5 e5 18. a5 Bf6 19. a7 Qe7 20. axb6 cxb6 21. Bxc6
Bxc6 22. a8=Q+ Bxa8 23. Rxa8+ Kb7 24. Rxd8 Rxd8 25. O-O e4 26. c4 Bxg5 27. hxg5
dxc4 28. Qxc4 f4 29. Rc1 Qd7 30. Nxe4 fxe3 31. fxe3 Ng7 32. Nf6 Qd6 33. Qf7+
Ka6 34. Qxg7 Qa3 35. Re1 Qc3 36. Re2 Qd3 37. Ra2+ Kb5 38. Rb2+ Ka6 39. Qe7 Rc8
40. Ra2+ Kb5 41. Qd7+ Rc6 42. Rb2+ Ka5 43. Ra2+ Kb4 44. Nd5+ Kb3 45. Qxc6 Qb1+
46. Kh2 Qxa2 47. Qxb6+ Kc4 48. Qc5+ Kb3 49. Qc4+ 1-0

[Event "Open Olimpico B Maggio"]
[Site "Torino ITA"]
[Date "2006.05.27"]
[Round "6"]
[White "Cacinschi, Alexandru"]
[Black "Giambavicchio, Francesco"]
[Result "1-0"]
[WhiteElo "1485"]
[BlackElo "1512"]
[PlyCount "53"]
[EventDate "2006.05.22"]

1. d4 d6 2. c4 c5 3. dxc5 Qa5+ 4. Nc3 Qxc5 5. e3 e5 6. Nf3 Be7 7. Be2 Nf6 8.
O-O Nc6 9. Bd2 O-O 10. Na4 e4 11. Nxc5 dxc5 12. Ne1 h6 13. f3 Be6 14. b3 Nh7
15. fxe4 f6 16. Bg4 Bf7 17. Bc3 Bg6 18. Be6+ Kh8 19. Bd5 Be8 20. Bxc6 Bxc6 21.
e5 Rad8 22. Qc2 Ng5 23. exf6 Be4 24. fxg7+ Kg8 25. gxf8=Q+ Bxf8 26. Qf2 Rd6 27.
Qxf8+ 1-0

[Event "Open Olimpico B Maggio"]
[Site "Torino ITA"]
[Date "2006.05.27"]
[Round "6"]
[White "Diogo, Antonio Manuel Mamede"]
[Black "Ferrario, Enrico"]
[Result "0-1"]
[WhiteElo "2039"]
[BlackElo "1944"]
[PlyCount "51"]
[EventDate "2006.05.22"]

1. e4 Nc6 2. f4 d5 3. e5 Bf5 4. Nf3 e6 5. d4 Nb4 6. Na3 c5 7. Bb5+ Nc6 8. c3 a6
9. Ba4 b5 10. Bc2 Nh6 11. Bxf5 Nxf5 12. Nc2 cxd4 13. Ncxd4 Ncxd4 14. Nxd4 Qh4+
15. Ke2 Qg4+ 16. Kf2 Qh4+ 17. g3 Qh3 18. Nxf5 Qxf5 19. Be3 Rc8 20. g4 Qg6 21.
Rc1 Bc5 22. Qf3 Bxe3+ 23. Kxe3 Rc4 24. b3 Re4+ 25. Kf2 Qh6 26. Kg3 0-1

[Event "Open Olimpico B Maggio"]
[Site "Torino ITA"]
[Date "2006.05.27"]
[Round "6"]
[White "Marguati, Massimiano"]
[Black "Marshall, Michael"]
[Result "1/2-1/2"]
[WhiteElo "1849"]
[BlackElo "1961"]
[PlyCount "43"]
[EventDate "2006.05.22"]

1. d4 Nf6 2. c4 e6 3. Nc3 Bb4 4. Qc2 O-O 5. a3 Bxc3+ 6. bxc3 d6 7. e4 Nbd7 8.
Bd3 e5 9. d5 Nc5 10. Ne2 Ne8 11. Ng3 g6 12. O-O Ng7 13. f4 f6 14. Be3 Nd7 15.
f5 Qe7 16. Be2 Nc5 17. Bh6 Bd7 18. a4 a5 19. Ra2 Qe8 20. Bd1 b6 21. h4 Qe7 22.
Qe2 1/2-1/2

[Event "Open Olimpico B Maggio"]
[Site "Torino ITA"]
[Date "2006.05.27"]
[Round "6"]
[White "Muniz Pardino, Alberto"]
[Black "Savola, Laura"]
[Result "1/2-1/2"]
[WhiteElo "2099"]
[BlackElo "1930"]
[PlyCount "43"]
[EventDate "2006.05.22"]

1. e4 e6 2. d4 d5 3. Nd2 Nf6 4. e5 Nfd7 5. Bd3 c5 6. c3 Nc6 7. Ngf3 cxd4 8.
cxd4 f6 9. O-O Be7 10. exf6 Nxf6 11. Nb3 O-O 12. Bg5 Bd7 13. Rc1 Rc8 14. Nc5
Nxd4 15. Nxd4 Bxc5 16. Nf3 Qb6 17. Qe2 h6 18. Bh4 Nh5 19. Bb1 Nf6 20. Bd3 Nh5
21. Bb1 Nf6 22. Bd3 1/2-1/2

[Event "Open Olimpico B Maggio"]
[Site "Torino ITA"]
[Date "2006.05.27"]
[Round "6"]
[White "Picarella, Marco"]
[Black "Gattiglio, Maurizio"]
[Result "1-0"]
[WhiteElo "1763"]
[BlackElo "1717"]
[PlyCount "67"]
[EventDate "2006.05.22"]

1. d4 Nf6 2. c4 e5 3. dxe5 Ne4 4. Nd2 Nc5 5. b4 Ne6 6. a3 d6 7. exd6 Qf6 8. Rb1
cxd6 9. Ngf3 Be7 10. g3 O-O 11. Bg2 Qg6 12. Bb2 f5 13. e3 Nd7 14. Nb3 Nf6 15.
Qd3 Ne4 16. Nbd4 h5 17. Nxe6 Bxe6 18. Nd4 Bf7 19. O-O d5 20. c5 Be8 21. Ne2 Qf7
22. Nf4 Bc6 23. Rfd1 Rad8 24. Qb3 g5 25. Nd3 Bb5 26. Ne5 Qe6 27. Bf1 Bxf1 28.
Kxf1 f4 29. exf4 Qh3+ 30. Ke2 gxf4 31. Rxd5 f3+ 32. Ke1 Kh7 33. Rxd8 Rxd8 34.
Qf7+ 1-0

[Event "Open Olimpico B Maggio"]
[Site "Torino ITA"]
[Date "2006.05.28"]
[Round "7"]
[White "Bussa, Paolo"]
[Black "Picarella, Marco"]
[Result "1/2-1/2"]
[WhiteElo "1783"]
[BlackElo "1763"]
[PlyCount "23"]
[EventDate "2006.05.22"]

1. d4 Nf6 2. Nf3 g6 3. Bg5 Bg7 4. c3 h6 5. Bh4 O-O 6. Nbd2 d6 7. e3 Bf5 8. Bxf6
Bxf6 9. e4 Bd7 10. Bd3 c5 11. Qe2 cxd4 12. cxd4 1/2-1/2

[Event "Open Olimpico B Maggio"]
[Site "Torino ITA"]
[Date "2006.05.28"]
[Round "7"]
[White "Ferrario, Enrico"]
[Black "Muniz Pardino, Alberto"]
[Result "0-1"]
[WhiteElo "1944"]
[BlackElo "2099"]
[PlyCount "62"]
[EventDate "2006.05.22"]

1. Nc3 g6 2. e4 c5 3. Nf3 Bg7 4. Bc4 Nc6 5. O-O e6 6. Re1 Nge7 7. e5 d5 8. exd6
Nf5 9. Ne4 Nxd6 10. Bb3 b6 11. d3 Nxe4 12. Rxe4 O-O 13. Bg5 Qd6 14. c3 h6 15.
Bh4 Bb7 16. Bg3 Qe7 17. Nh4 Kh7 18. Qg4 Nd8 19. Re3 h5 20. Qe2 Bh6 21. f4 Qd7
22. Kh1 Nc6 23. Bxe6 fxe6 24. Rxe6 Rae8 25. Nxg6 Rxe6 26. Nxf8+ Bxf8 27. Qxh5+
Rh6 28. Qe2 Ne7 29. Re1 Nf5 30. Bf2 Qg7 31. Rg1 Rxh2+ 0-1

[Event "Open Olimpico B Maggio"]
[Site "Torino ITA"]
[Date "2006.05.28"]
[Round "7"]
[White "Marshall, Michael"]
[Black "Cottone, Salvatore"]
[Result "1/2-1/2"]
[WhiteElo "1961"]
[BlackElo "1790"]
[PlyCount "46"]
[EventDate "2006.05.22"]

1. d4 Nf6 2. Nf3 d6 3. Nc3 c6 4. e4 Bg4 5. Bd3 Nbd7 6. Be3 e5 7. Qd2 a6 8. O-O
Bxf3 9. gxf3 exd4 10. Bxd4 Ne5 11. Be2 Qc8 12. Bxe5 dxe5 13. Nd1 Nh5 14. Qg5
Qh3 15. Qxe5+ Be7 16. Ne3 f6 17. Qf5 Qxf5 18. Nxf5 g6 19. Nxe7 Kxe7 20. Rfd1
Rhd8 21. Rxd8 Rxd8 22. Rd1 Rxd1+ 23. Bxd1 h6 1/2-1/2